Gua̕ integral de nm̤inas 2013. Rǧimen Fiscal

Detalles Bibliográficos
Autor principal: Bornacini Hervella, Honor ̌A
Formato: eBook
Lenguaje:español
Publicado: Mx̌ico D.F: Mx̌ico Fiscal, 2013
Materias:
Acceso en línea:Acceso restringido

MARC

LEADER 00000nam a22000007a 4500
005 20130708163542.0
007 cr|||| ||||
008 130708s2013 mx |||||s|||| 00| 0 spa d
035 |a 11341 
040 |a vLex 
090 |c 4383  |d 4383 
100 1 |a Bornacini Hervella, Honor ̌A. 
245 1 0 |a Gua̕ integral de nm̤inas 2013. Rǧimen Fiscal  |h [Recurso electrn̤ico] /  |c Honor ̌A. Bornacini Hervella  
256 |a Servicio en ln̕ea 
260 |a Mx̌ico D.F:  |b Mx̌ico Fiscal,  |c 2013 
300 |a 1 recurso electrn̤ico 
506 1 |a Contenido solo disponible en los productos indicados  |d vLex Global  |d vLex Global (Academic Edition, excluding Law Schools)  |d vLex Global (U.S. Academic Edition, Law Schools)  |d vLex Global (U.S. Academic Edition, excluding Law Schools)  |d vLex Global (Academic Edition, Law Schools) 
650 0 4 |a Derecho fiscal  |z Mx̌ico 
650 0 4 |a Nominas  |z Mx̌ico 
740 0 |a vLex Libros (Servicio en ln̕ea) 
856 4 0 |u http://vlex.com/source/guia-integral-nominas-2013-regimen-fiscal-11341  |z Acceso restringido 
942 |c BOOK 
999 0 |a Taxation